England Rugby Most Points - Statistics

General Stats
  • This quiz has been taken 30 times
  • The average score is 5 of 10
Answer Stats
Points Career Answer % Correct
1179 1998-2011 Jonny Wilkinson
100%
1237 2012-2023 Owen Farrell
100%
413 Current George Ford
91%
273 Current Marcus Smith
83%
301 2006-2013 Toby Flood
39%
396 1985-1997 Robert Andrew
35%
400 1995-2004 Paul Grayson
22%
269 2001-2012 Charlie Hodgson
17%
240 1974-1984 Dusty Hare
13%
296 1987-1993 Jonathan Webb
9%
No matching quizzes found
Score Distribution
Percent of People with Each Score
Percentile by Number Answered
Your Score History
You have not taken this quiz